ბათუმის შოთა რუსთაველის სახელმწიფო უნივერსიტეტის ბიბლიოთეკა

ეკონომიური რეფორმა მეურნეობის წარმართვის ლენინური პრინციპების შემოქმედებითი განხორციელებაა : (ბიბ.ჩანაწერი № 63889)

000 -ლიდერი
ფიქსირებული სიგრძის საკონტროლო ველი 01295nam a22001697a 4500
003 - საკონტროლო ნომრის იდენტიფიკატორი
საკონტროლო ველი Ge_BSU
005 - ბოლო ოპერაციის თარიღი და დრო
საკონტროლო ველი 20260212135742.0
008 - ფიქსირებული სიგრძის მონაცემთა ელემენტები - ზოგადი ინფორმაცია
ფიქსირებული სიგრძის საკონტროლო ველი 260212s1970 ge ||||| |||| 00| 0 geo d
041 ## - ენის კოდი
Language code of text/sound track or separate title geo
080 ## - უნივერსალური ათობითი კლასიფიკაციის ინდექსი
Universal Decimal Classification number 338.24.021.8(47+57) ე-49
245 ## - ცნობა სათაურის შესახებ
Title ეკონომიური რეფორმა მეურნეობის წარმართვის ლენინური პრინციპების შემოქმედებითი განხორციელებაა :
Remainder of title [სტატიების კრებული]. პარტიულ სწავლების უმაღლესი რგოლის პროპაგანდისტთა და მსმენელთა დასახმარებლად /
Statement of responsibility, etc საქ. კპ ცკ-ისა და თბილ. კომ-ტის პოლიტიკ. განათლ. რესპ. სახლი.
264 ## - წარმოების, გამოცემის, დისტრიბუციის და სხვა ცნობები
გამოცემის, წარმოების, დისტრიბუციის... ადგილი თბ. :
გამოცემის, წარმოების, დისტრიბუციის... სახელწოდება საქ. კპ ცკ-ის გამ-ბა,
გამოცემის, წარმოების, დისტრიბუციის... თარიღი 1970.
300 ## - ფიზიკური აღწერა
Extent 193გვ. ;
Other physical details 20სმ.
504 ## - BIBLIOGRAPHY, ETC. NOTE
Bibliography, etc ბიბლიოგრ. თითოეული სტატიის შემდეგ.
653 ## - INDEX TERM--UNCONTROLLED
Uncontrolled term ეკონომიკური რეფორმა სსრ კავშირში.
942 ## - ADDED ENTRY ELEMENTS (KOHA)
Source of classification or shelving scheme
Koha item type წიგნი
ეგზემპლარები
ჩამოწერის სტატუსი დაკარგული ეგზემპლარის სტატუსი კლასიფიკაციის წყარო ან თაროზე გაწყობის სქემა დაზიანების სტატუსი არ გაიცემა მუდმივი მდებარეობა (დაცვის ადგილი) ამჟამინდელი ადგილსამყოფელი თაროზე განთავსების ადგილი შეძენის თარიღი ღირებულება, შესყიდვის ნორმალური ფასი სრული შენახვის შიფრი შტრიხკოდი ბოლო ოპერაციის თარიღი ეგზემპლარის მიმდევრობითი ნომერი (კეტერი?) ფასის ძალაში შესვლის თარიღი ეგზემპლარის სახეობა საჯარო შენიშვნა
          ბათუმის შოთა რუსთაველის სახელმწიფო უნივერსიტეტის მთავარი ბიბლიოთეკა ბათუმის შოთა რუსთაველის სახელმწიფო უნივერსიტეტის მთავარი ბიბლიოთეკა წიგნსაცავი 2026-02-12 0.70 338.24.021.8(47+57) ე-49 73742 2026-02-12 73742 2026-02-12 წიგნი 0.70 თ.